LEADER 01096nam0 2200289 450 001 000030312 005 20150209155823.0 010 $a978-88-548-7271-4 100 $a20150209d2014----km-y0itay50------ba 101 0 $aeng 102 $aIT 105 $ay-------001yy 200 1 $aSemantic video annotation as future research on YouTube$fMarco Eugenio Lo Presti. 210 $aRoma$cAracne$d2014 215 $a105 p.$cill.$d24 cm 225 2 $aA09$eIndustrial and information engineering 410 0$12001$aA09$eIndustrial and information engineering 500 10$aSemantic video annotation as future research on YouTube$940245 610 1 $aSistemi multimediali$aAspetti sociali.$aYouTube$aReti sociali 676 $a025.0427$vWebdewey$9Web semantico 676 $a006.75$vWebDewey$9Specifici tipi di sistemi multimediali 700 1$aLo Presti,$bMarco Eugenio$0634475 801 0$aIT$bUNIPARTHENOPE$c20150209$gRICA$2UNIMARC 912 $a000030312 951 $a025-S/2$b45424$cNAVA1$d2015 996 $aSemantic video annotation as future research on YouTube$940245 997 $aUNIPARTHENOPE LEADER 02952nam 2200577 450 001 9910459815303321 005 20200520144314.0 010 $a0-19-935796-X 010 $a0-19-935795-1 035 $a(CKB)3710000000238154 035 $a(EBL)1784101 035 $a(OCoLC)890981589 035 $a(SSID)ssj0001332605 035 $a(PQKBManifestationID)12575593 035 $a(PQKBTitleCode)TC0001332605 035 $a(PQKBWorkID)11376796 035 $a(PQKB)11762668 035 $a(MiAaPQ)EBC1784101 035 $a(Au-PeEL)EBL1784101 035 $a(CaPaEBR)ebr10929653 035 $a(CaONFJC)MIL643717 035 $a(EXLCZ)993710000000238154 100 $a20140920h20142014 uy 0 101 0 $aeng 135 $aur|n|---||||| 181 $ctxt 182 $cc 183 $acr 200 10$aClausewitz $ehis life and work /$fDonald Stoker 210 1$aOxford, [England] ;$aNew York, New York :$cOxford University Press,$d2014. 210 4$d©2014 215 $a1 online resource (283 p.) 300 $aDescription based upon print version of record. 311 $a1-322-12466-3 311 $a0-19-935794-3 320 $aIncludes bibliographical references and index. 327 $aTitle Page; Copyright Page; Dedication; Contents; List of Illustrations; Acknowledgments; Abbreviations Used in the Notes; Author's Note; Introduction: The Point of It All; 1. Boy Soldier (1780-1795); 2. The Ambitious Student of War (1795-1805); 3. Clausewitz at War: The 1806 Campaign; 4. A Political Education (1807-1812); 5. War and Words: The Campaign of 1812; 6. The Road to Tauroggen (1812); 7. 1813: War, Uprising, and Armistice; 8. 1813: Leipzig, Go?hrde, and the Stecknitz; 9. Clausewitz and the Fall of Napoleon (1813-1814); 10. 1815: The Waterloo Campaign 327 $a11. The Sum of It All (1815-1831)Conclusion: Clausewitz's Legacy; Appendix: Clausewitz's Battles; Notes; Select Bibliography; Index 330 $aCarl von Clausewitz's masterwork, On War, is generally considered the greatest text on military theory ever written. Clausewitz is a touchstone for the field today, and is read by scholars, students, and military personnel around the world. And yet to Clausewitz himself, far more important than achieving recognition for his scholarly and theoretical contributions was achieving glory on the field of battle-winning renown not with his pen but with his sword. Military historian Donald Stoker's perceptive biography of Carl von Clausewitz moves skillfully between Clausewitz's career as a soldier an 606 $aNapoleonic Wars, 1800-1815$xCampaigns$zRussia$vBiography 608 $aElectronic books. 615 0$aNapoleonic Wars, 1800-1815$xCampaigns 676 $a355.02092 700 $aStoker$b Donald J.$0475880 801 0$bMiAaPQ 801 1$bMiAaPQ 801 2$bMiAaPQ 906 $aBOOK 912 $a9910459815303321 996 $aClausewitz$91895229 997 $aUNINA LEADER 02718 am 2200625 n 450 001 9910348245803321 005 20181119 010 $a2-7297-0975-4 024 7 $a10.4000/books.pul.7352 035 $a(CKB)4100000009763268 035 $a(FrMaCLE)OB-pul-7352 035 $a(oapen)https://directory.doabooks.org/handle/20.500.12854/45872 035 $a(PPN)241654963 035 $a(EXLCZ)994100000009763268 100 $a20210809j|||||||| ||| 0 101 0 $afre 135 $auu||||||m|||| 181 $ctxt$2rdacontent 182 $cc$2rdamedia 183 $acr$2rdacarrier 200 10$aÉducation, fête et culture /$fRégis Bernard, Monique Buisson, Jean Camy, Laurence Roulleau-Berger, Guy Vincent 210 $aLyon $cPresses universitaires de Lyon$d2018 215 $a1 online resource (186 p.) 311 $a2-7297-0096-X 330 $aLes auteurs proposent d?explorer les rapports complexes et contradictoires qui se nouent dans diverses formes éducatives, dans les fêtes, dans les activités sportives. Les études présentées ici concernent divers aspects de l?éducation et de la « culture » ; les analyses des petites écoles rurales, des universités populaires, de l?apprentissage de la coiffure portent sur des processus de transmission de savoirs, de savoir-faire, de valeurs. Mais elles les présentent comme des lieux de rencontre, donc d?interaction, entre des institutions, des groupes sociaux, des pratiques institutionnelles et des pratiques sociales enfin. De plus, ces interactions ne sont pas considérées comme des effets seconds des rencontres évoquées : elles sont constitutives des objets étudiés. 606 $aEducation$zFrance$xHistory 606 $aSocialization 610 $ajeunesse 610 $aenseignement 610 $afête 610 $aculture 610 $auniversité populaire 610 $aéducation 610 $afestivité 610 $aécole 610 $asport 615 0$aEducation$xHistory. 615 0$aSocialization. 676 $a370/.944 700 $aBernard$b Régis$0389347 701 $aBuisson$b Monique$01320722 701 $aCamy$b Jean$01272552 701 $aRoulleau-Berger$b Laurence$01282155 701 $aVincent$b Guy$01234477 701 $aBernard$b Régis$0389347 701 $aBuisson$b Monique$01320722 701 $aCamy$b Jean$01272552 701 $aRoulleau-Berger$b Laurence$01282155 701 $aVincent$b Guy$01234477 712 02$aGroupe de recherches sur le proce?s de socialisation (Lyon, France) 801 0$bFR-FrMaCLE 906 $aBOOK 912 $a9910348245803321 996 $aÉducation, fête et culture$93034435 997 $aUNINA